Statistics for Name a Valid Country #1

Click here to take the quiz!

General Stats

  • This quiz has been taken 126 times
  • The average score is 10 of 15

Answer Stats

HintValid countriesAnswers% Correct
Name the countries whose capital city starts with the letter O3Norway / Canada / Burkina Faso
80%
Name an island country beginning with the letter C4Cuba / Cyprus / Comoros / Cape Verde
77%
Name an island country beginning with the letter P3Philippines / Papua New Guinea / Palau
77%
Name the countries that share the island of Borneo3Brunei / Indonesia / Malaysia
75%
Name the countries whose capital city starts with the letter Y4Cameroon / Nauru / Armenia / Ivory Coast
75%
Name the countries that border the Yellow Sea3China / South Korea / North Korea
75%
Name the countries whose capital city starts with the letter F2Sierra Leone / Tuvalu
75%
Name the countries with square flags2Vatican / Switzerland
75%
Name the countries with flags showing the Southern Cross5Australia / New Zealand / Brazil / Papua New Guinea / Samoa
74%
Name a country with a population between 80 and 100 million5Germany / Iran / Turkey / Democratic Republic of Congo / Vietnam
66%
Name countries with black in the flag and a population of more than 50 million5South Korea / South Africa / Tanzania / Germany / Egypt
66%
Name a country whose population density is between 1000 and 10 000 people per square kilometer (P/km2)5Bangladesh / Malta / Maldives / Bahrain / Singapore
59%
Name a country with a population change of at least 3.25%5Angola / Uganda / Equatorial Guinea / Bahrain / Niger
56%
Name a country whose population density is between 10 and 15 people per square kilometer (P/km2)4Bolivia / Chad / Turkmenistan / Norway
56%
Name the countries that belong to the Visegrad Group4Czechia / Poland / Slovakia / Hungary
56%

Score Distribution

Percentile by Number Answered

Percent of People with Each Score

Your Score History

You have not taken this quiz